000 00579nam a22001577a 4500
003 OSt
005 20150915165519.0
008 150915b xxu||||| |||| 00| 0 eng d
040 _cRUA
082 _aAGR NGO 2002 B028 Or.1
100 _9551
_aNGON, SIHENG.
245 _aFarmer field school on integrated soil nutrient management សាលារៀនស្រែកសិករស្ដីអំពីវិធានការចំរុះគ្រប់គ្រងជីជាតិដី
260 _aPhnom Penh
_bRUA
_c2002
300 _a80p.
_bill.
_c29cm.
942 _2ddc
_cAGR
999 _c528
_d528